header

Applied social psychology (Record no. 56100)

MARC details
000 -LEADER
fixed length control field 01251nam a2200337Ia 4500
082 04 - DEWEY DECIMAL CLASSIFICATION NUMBER
Classification number 302
245 00 - TITLE STATEMENT
Title Applied social psychology
260 ## - PUBLICATION, DISTRIBUTION, ETC. (IMPRINT)
Place of publication London ;
-- Thousand Oaks, Calif. :
Name of publisher Sage,
Year of publication c1996.
300 ## - PHYSICAL DESCRIPTION
Number of Pages xii, 492 p. :
Other physical details ill.
650 #0 - SUBJECT ADDED ENTRY--TOPICAL TERM
Topical Term Social psychology.
Topical Term Psychology.
700 1# - ADDED ENTRY--PERSONAL NAME
Personal name Fiedler, Klaus,
Personal name Semin, G. R.
856 40 - ELECTRONIC LOCATION AND ACCESS
Uniform Resource Identifier http://site.ebrary.com/lib/rucke/Doc?id=10326824

No items available.

© 2026 Rongo University
Contact us: librarian | system librarian | Rongo university